|
|
|
|
| LEADER |
00000nam0a2200000 4500 |
| 001 |
335919 |
| 005 |
20231102004813.0 |
| 010 |
|
|
|a 9785811415274
|
| 035 |
|
|
|a (RuTPU)RU\TPU\book\362331
|
| 090 |
|
|
|a 335919
|
| 100 |
|
|
|a 20171005d2013 m y0rusy50 ca
|
| 101 |
0 |
|
|a rus
|
| 102 |
|
|
|a RU
|
| 105 |
|
|
|a a j 001zy
|
| 200 |
1 |
|
|a Материаловедение для транспортного машиностроения
|e учебное пособие для вузов
|f Э. Р. Галимов [и др.]
|
| 210 |
|
|
|a Санкт-Петербург
|c Лань
|d 2013
|
| 215 |
|
|
|a 443 с.
|c ил.
|
| 225 |
1 |
|
|a Учебники для вузов. Специальная литература
|
| 320 |
|
|
|a Библиогр.: с. 432-436
|
| 330 |
|
|
|a В пособии приводятся сведения о строении, составе, структуре, технологических, эксплуатационных и специальных свойствах широкого круга металлических и неметаллических материалов, используемых в машиностроении. Рассматриваются способы целенаправленного регулирования структуры и свойств материалов, а также методы переработки (обработки) с учетом их функционального назначения. Учебное пособие рекомендовано для подготовки бакалавров очной, вечерней и заочной форм обучения по направлению «Эксплуатация транспортно-технологических машин и комплексов».
|
| 606 |
1 |
|
|a Материалы в машиностроении
|2 stltpush
|3 (RuTPU)RU\TPU\subj\41329
|9 61133
|
| 610 |
1 |
|
|a строение
|
| 610 |
1 |
|
|a металлические материалы
|
| 610 |
1 |
|
|a свойства
|
| 610 |
1 |
|
|a металлы
|
| 610 |
1 |
|
|a сплавы
|
| 610 |
1 |
|
|a машиностроительные стали
|
| 610 |
1 |
|
|a цветные металлы
|
| 610 |
1 |
|
|a неметаллические материалы
|
| 610 |
1 |
|
|a пластмассы
|
| 610 |
1 |
|
|a волокнистые композитные материалы
|
| 610 |
1 |
|
|a стеклопластики
|
| 610 |
1 |
|
|a углепластики
|
| 610 |
1 |
|
|a органопластики
|
| 610 |
1 |
|
|a изделия
|
| 610 |
1 |
|
|a формование
|
| 610 |
1 |
|
|a природные полимеры
|
| 610 |
1 |
|
|a герметики
|
| 610 |
1 |
|
|a неорганические материалы
|
| 610 |
1 |
|
|a жидкокристаллические материалы
|
| 610 |
1 |
|
|a учебные пособия
|
| 675 |
|
|
|a 621.002.3(075.8)
|v 4
|
| 701 |
|
1 |
|a Галимов
|b Э. Р.
|g Энгель Рафикович
|
| 701 |
|
1 |
|a Тарасенко
|b Л. В.
|g Людмила Васильевна
|
| 701 |
|
1 |
|a Унчикова
|b М. В.
|g Маргарита Викторовна
|
| 701 |
|
1 |
|a Абдуллин
|b А. Л.
|g Айрат Лестальевич
|
| 801 |
|
1 |
|a RU
|b 63413507
|c 20171005
|
| 801 |
|
2 |
|a RU
|b 63413507
|c 20171016
|g RCR
|
| 942 |
|
|
|c BK
|